Základy vedenia účtovnej agendy pre neúčtovníkov

Druhá časť príspevku o vedení účtovnej agendy pre neúčtovníkov je venovaná cestovným náhradám. Vyúčtovanie cestovných náhrad.

Na minha lista:
Detalhes bibliográficos
Autor principal: Mravcová, Vanda
Formato: Capítulo de Livro
Idioma:eslovaco
Assuntos:
Tags: Adicionar Tag
Sem tags, seja o primeiro a adicionar uma tag!

MARC

LEADER 00000naa a2200000 4500
001 r044262
005 20230919092922.0
041 0 |a slo 
044 |a SK 
245 1 0 |a Základy vedenia účtovnej agendy pre neúčtovníkov  |c Vanda Mravcová 
520 |a Druhá časť príspevku o vedení účtovnej agendy pre neúčtovníkov je venovaná cestovným náhradám. Vyúčtovanie cestovných náhrad. 
610 2 0 |a náhrada cestovného 
610 2 0 |a cesty pracovné 
610 2 0 |a účtovníctvo 
610 2 0 |a evidencia účtovná 
610 2 0 |a účtovanie 
610 2 0 |a zamestnanci 
100 1 |a Mravcová, Vanda